Bilecik Bilecik Bilecik Bilecik Bilecik

Bitmemiş şiirler/ (Record no. 73487)

MARC details
000 -BAŞLIK
Sabit Uzunluktaki Kontrol Alanı 01219nam a22003977a 4500
001 - KONTROL NUMARASI
Control Dosyası 0072732
003 - KONTROL NUMARASI KİMLİĞİ
Kontrol Alanı KOHA_MİRAKIL
005 - EN SON İŞLEM TARİHİ ve ZAMANI
Kontrol Alanı 20260207005108.0
007 - FİZİKSEL TANIM SABİT ALAN - GENEL BİLGİ
Sabit uzunluklu kontrol alanı ta
008 - SABİT UZUNLUKTAKİ VERİ ÖGELERİ - GENEL BİLGİ
Sabit Alan 241224b2022 tu |||gr||||#0|||1|tur |
020 ## - ISBN - ULUSLARARASI STANDART KİTAP NUMARASI
Isbn 9789757618232
040 ## - KATALOGLAMA KAYNAĞI
Özgün Kataloglama Kurumu TR-BiSEU
Kataloglama Dili tur
Çeviri Kurumu TR-BiSEU
Açıklama Kuralları rda
041 0# - DİL KODU
Metin ya da ses kaydının dil kodu tur
044 ## - YAYINLAYAN/ÜRETEN KURULUŞUN ÜLKE KODU
ISO country code tu
050 ## - SINIFLAMA ve YER NUMARASI
Sınıflama Numarası PL234.B49
Yer Numarası B58 2022
100 1# - KİŞİ ADI
Yazar Adı (Kişi adı) Beyatlı, Yahya Kemal.
245 1# - ESER ADI BİLDİRİMİ
Başlık Bitmemiş şiirler/
Sorumluluk Bildirimi Yahya Kemal Beyatlı ; Yahya Kemal Beyatlı.
250 ## - BASIM BİLDİRİMİ
Basım Bildirimi 3. Baskı
264 #1 - ÜRERİM, YAYIN, DAĞITIM ve TELİF BİLDİRİMİ
Yayın yeri İstanbul :
Yayınlayan İstanbul Fetih Cemiyeti
Yayın tarihi 2022
300 ## - FİZİKSEL TANIMLAMA
Sayfa, Cilt vb. VIII, 94 sayfa; 20 cm.
336 ## - İÇERİK TÜRÜ
Content type term metin
Content type code txt
Source rdacontent
337 ## - MEDYA TÜRÜ
Media type term aracısız
Media type code n
Source rdamedia
338 ## - TAŞIYICI TÜRÜ
Carrier type term cilt
Carrier type code nc
Source rdacarrier
490 1# - DİZİ BİLDİRİMİ
Dizi Bildirimi İstanbul Fetih Cemiyeti ;
Cilt Numarası 73.
490 1# - DİZİ BİLDİRİMİ
Dizi Bildirimi Yahya Kemal Külliyatı ;
Cilt Numarası 11
650 #0 - KONU BAŞLIĞI EK GİRİŞ - KONU TERİMİ
Konusal terim veya coğrafi ad Türk şiiri.
9 (RLIN) 3914
650 #0 - KONU BAŞLIĞI EK GİRİŞ - KONU TERİMİ
Konusal terim veya coğrafi ad Türk edebiyatı--Şiir.
9 (RLIN) 8346
650 #0 - KONU BAŞLIĞI EK GİRİŞ - KONU TERİMİ
Konusal terim veya coğrafi ad Türk edebiyatı.
9 (RLIN) 6754
650 #0 - KONU BAŞLIĞI EK GİRİŞ - KONU TERİMİ
Konusal terim veya coğrafi ad Turkish poetry.
9 (RLIN) 3912
650 #0 - KONU BAŞLIĞI EK GİRİŞ - KONU TERİMİ
Konusal terim veya coğrafi ad Turkish literature--Poetry.
9 (RLIN) 8421
650 #0 - KONU BAŞLIĞI EK GİRİŞ - KONU TERİMİ
Konusal terim veya coğrafi ad Turkish literature.
9 (RLIN) 7987
830 1# - SERİ EK GİRİŞİ - TEKBİÇİM ESER ADI
Tekbiçim Başlık İstanbul Fetih Cemiyeti ;
Volume number/sequential designation 73.
9 (RLIN) 43789
830 1# - SERİ EK GİRİŞİ - TEKBİÇİM ESER ADI
Tekbiçim Başlık Yahya Kemal Külliyatı ;
Volume number/sequential designation 11
9 (RLIN) 76413
907 ## - LOCAL DATA ELEMENT G, LDG (RLIN)
a Şiir
942 ## - EK GİRİŞ ÖGELERİ (KOHA)
Source of classification or shelving scheme Library of Congress Classification
Koha item type Book
Holdings
Materyal Türü Kalıcı Konum Mevcut Konum Raf Yeri Sınıflandırma Kaynağı Edinim Bilgisi Ana Konular Alt Konular Yer Numarası Demirbaş Numarası Fatura Tarihi Geri Çekilme Durumu Kayıp Durumu Hasarlı Durumu Kredi için değil Kayıt Tarih Toplam Ödünçverme Son Görülme Tarihi Son Kontrol Tarihi
Book Prof. Dr. Azmi Özcan Kütüphanesi Prof. Dr. Azmi Özcan Kütüphanesi Birûni Salonu Library of Congress Classification Satın DİL VE EDEBİYAT Doğu Asya, Afrika, Okyanusya Dilleri ve Edebiyatları PL234.B49 B58 2022 0072732 02/02/2026         24/12/2024   18/03/2025 18/03/2025